A Study of self-discipline practice of selected grade 6 students of SIS school year 1996-1997. (Record no. 96104)
[ view plain ]
| 000 -LEADER | |
|---|---|
| fixed length control field | 00344nam a2200109 a 4500 |
| 005 - DATE AND TIME OF LATEST TRANSACTION | |
| control field | 20140408090006.0 |
| 008 - FIXED-LENGTH DATA ELEMENTS--GENERAL INFORMATION | |
| fixed length control field | 021022s19uu xx 00 eng d |
| 050 ## - LIBRARY OF CONGRESS CALL NUMBER | |
| Classification number | PGS '97 |
| Item number | SAL #3 |
| 100 ## - MAIN ENTRY--PERSONAL NAME | |
| Personal name | Salanga, Craig Leonardo B. |
| 245 ## - TITLE STATEMENT | |
| Title | A Study of self-discipline practice of selected grade 6 students of SIS school year 1996-1997. |
| 942 ## - ADDED ENTRY ELEMENTS (KOHA) | |
| Koha item type | PASS |
| Withdrawn status | Lost status | Damaged status | Home library | Current library | Shelving location | Date acquired | Source of acquisition | Total Checkouts | Full call number | Barcode | Date last seen | Price effective from | Koha item type |
|---|---|---|---|---|---|---|---|---|---|---|---|---|---|
| Luxembourg Library | Luxembourg Library | Portfolio Assessment of SISC Students Section | 11/12/2002 | PGS '97 SAL #3 | P0009 | 04/08/2014 | 04/08/2014 | PASS |